000 00439nam a2200181Ia 4500
001 22954
005 20260414150905.0
008 260414t2016||||xx |||||||||||||| ||spa||
041 _aESP
082 _a624.171
_bD48
100 _aColina Martínez, Jaime De La
_eAUT
245 0 _aDinámica de estructuras
_b
260 _c2016
300 _axiii, 588 páginas :
_c23 cm.
650 _a0
654 _aCIC
942 _cLIB
_dJUS
_fJUS
_2ddc
_n
999 _c22954
_d22954